Countries of South America - Statistics

General Stats
  • This quiz has been taken 21 times
  • The average score is 11 of 12
Answers on the Map
Answers color-coded by a green-red scale on the quiz's map according to % correct below.
 
Answer Stats
Country % Correct
Argentina
94%
Brazil
94%
Chile
94%
Ecuador
94%
Uruguay
94%
Bolivia
89%
Colombia
89%
Guyana
89%
Paraguay
89%
Peru
89%
Venezuela
89%
Suriname
83%
No matching quizzes found
Score Distribution
Percent of People with Each Score
Percentile by Number Answered
Your Score History
You have not taken this quiz